مكتبة جامعة عجلون الوطنية

فهرس بحث المكتبة

Normal view MARC view
  • التسويق- ادارة التسويق

Entry Topical Term

Number of records used in: 1

001 - CONTROL NUMBER

  • control field: 57316

003 - CONTROL NUMBER IDENTIFIER

  • control field: JO-AjAnu

005 - DATE AND TIME OF LATEST TRANSACTION

  • control field: 20230606083403.0

008 - FIXED-LENGTH DATA ELEMENTS

  • fixed length control field: 230606|| aca||aabn | a|a d

040 ## - CATALOGING SOURCE

  • Original cataloging agency: JO-AjAnu
  • Transcribing agency: JO-AjAnu

150 ## - HEADING--TOPICAL TERM

  • Topical term or geographic name entry element: التسويق- ادارة التسويق

670 ## - SOURCE DATA FOUND

  • Source citation: Work cat.: (JO-AjAnu)29243: الطائي، حميد، م. مشارك: محمود الصميدعي، بشير العلاق، ايهاب علي القرم, author 57315, الاسس العلمية للتسويق الحديث : مدخل شامل